| 000 | 00376nam a2200145Ia 4500 | ||
|---|---|---|---|
| 005 | 20251222144912.0 | ||
| 008 | 251222s9999||||xx |||||||||||||| ||spa|| | ||
| 020 | _a84-87022-63-4 | ||
| 082 | _a658.533/S47 | ||
| 100 | _aShingo, Shigeo | ||
| 245 | 0 | _aUna Revolución en la Producción: | |
| 250 | _a2a.ed. | ||
| 264 | _bTecnologías de Gerencia y Producción | ||
| 942 | _cLIB | ||
| 999 |
_c22387 _d22387 |
||